|
|
|
|
| LEADER |
03790nam a2200613 4500 |
| 001 |
978-981-13-0623-5 |
| 003 |
DE-He213 |
| 005 |
20191220125554.0 |
| 007 |
cr nn 008mamaa |
| 008 |
180616s2019 si | s |||| 0|eng d |
| 020 |
|
|
|a 9789811306235
|9 978-981-13-0623-5
|
| 024 |
7 |
|
|a 10.1007/978-981-13-0623-5
|2 doi
|
| 040 |
|
|
|d GrThAP
|
| 050 |
|
4 |
|a GE195-199
|
| 050 |
|
4 |
|a GE196
|
| 072 |
|
7 |
|a RNU
|2 bicssc
|
| 072 |
|
7 |
|a SCI026000
|2 bisacsh
|
| 072 |
|
7 |
|a RNU
|2 thema
|
| 082 |
0 |
4 |
|a 338.927
|2 23
|
| 245 |
1 |
0 |
|a Sustainable Luxury
|h [electronic resource] :
|b Cases on Circular Economy and Entrepreneurship /
|c edited by Miguel Angel Gardetti, Subramanian Senthilkannan Muthu.
|
| 250 |
|
|
|a 1st ed. 2019.
|
| 264 |
|
1 |
|a Singapore :
|b Springer Singapore :
|b Imprint: Springer,
|c 2019.
|
| 300 |
|
|
|a IX, 160 p. 44 illus., 31 illus. in color.
|b online resource.
|
| 336 |
|
|
|a text
|b txt
|2 rdacontent
|
| 337 |
|
|
|a computer
|b c
|2 rdamedia
|
| 338 |
|
|
|a online resource
|b cr
|2 rdacarrier
|
| 347 |
|
|
|a text file
|b PDF
|2 rda
|
| 490 |
1 |
|
|a Environmental Footprints and Eco-design of Products and Processes,
|x 2345-7651
|
| 505 |
0 |
|
|a Vestire: Social Divesting and Impact Investing in New Materialism -- Responsible Luxury Development: A Study on Luxury Companies' CSR, Circular Economy and Entrepreneurship -- Challenging Current Fashion Business Models: Entrepreneurship Through Access Based Consumption In The Second-Hand Luxury Garment Sector Within A Circular Economy -- Sadhu - On the Pathway of Luxury Sustainable Circular Value Model -- Cradle to Cradle® - Parquet for Generations Respect Resources and Preservation for the Future -- Trends of Sustainable Development among Luxury Industry -- A circular economy approach in the luxury fashion industry: A case study of Eileen Fisher.
|
| 520 |
|
|
|a This book highlights ten cases of entrepreneurship that - in the context of circular economy - have redefined the paradigm of luxury and the notion of exclusivity that it requires. It shows how, by using technology and a new consumption model, the ten companies have created novel business models for luxury, and more intelligent forms of use better-suited to modern times.
|
| 650 |
|
0 |
|a Sustainable development.
|
| 650 |
|
0 |
|a Business logistics.
|
| 650 |
|
0 |
|a Engineering design.
|
| 650 |
|
0 |
|a Environmental management.
|
| 650 |
|
0 |
|a Industrial engineering.
|
| 650 |
|
0 |
|a Production engineering.
|
| 650 |
|
0 |
|a Textile industry.
|
| 650 |
1 |
4 |
|a Sustainable Development.
|0 http://scigraph.springernature.com/things/product-market-codes/U34000
|
| 650 |
2 |
4 |
|a Supply Chain Management.
|0 http://scigraph.springernature.com/things/product-market-codes/519030
|
| 650 |
2 |
4 |
|a Engineering Design.
|0 http://scigraph.springernature.com/things/product-market-codes/T17020
|
| 650 |
2 |
4 |
|a Environmental Management.
|0 http://scigraph.springernature.com/things/product-market-codes/U17009
|
| 650 |
2 |
4 |
|a Industrial and Production Engineering.
|0 http://scigraph.springernature.com/things/product-market-codes/T22008
|
| 650 |
2 |
4 |
|a Textile Engineering.
|0 http://scigraph.springernature.com/things/product-market-codes/C24000
|
| 700 |
1 |
|
|a Gardetti, Miguel Angel.
|e editor.
|4 edt
|4 http://id.loc.gov/vocabulary/relators/edt
|
| 700 |
1 |
|
|a Muthu, Subramanian Senthilkannan.
|e editor.
|4 edt
|4 http://id.loc.gov/vocabulary/relators/edt
|
| 710 |
2 |
|
|a SpringerLink (Online service)
|
| 773 |
0 |
|
|t Springer eBooks
|
| 776 |
0 |
8 |
|i Printed edition:
|z 9789811306228
|
| 776 |
0 |
8 |
|i Printed edition:
|z 9789811306242
|
| 776 |
0 |
8 |
|i Printed edition:
|z 9789811344640
|
| 830 |
|
0 |
|a Environmental Footprints and Eco-design of Products and Processes,
|x 2345-7651
|
| 856 |
4 |
0 |
|u https://doi.org/10.1007/978-981-13-0623-5
|z Full Text via HEAL-Link
|
| 912 |
|
|
|a ZDB-2-EES
|
| 950 |
|
|
|a Earth and Environmental Science (Springer-11646)
|